000 00256nam a2200109 a 4500
005 20140414131952.0
008 110207s19uu xx 00 eng d
050 _aTR 428.4
_bSo8 2005
245 _aSound letters make.
440 _aPhonics
999 _c112811
_d112811